000 02016nam a2200205 a 4500
999 _c3257
_d3257
020 _a0931349044 (pbk.)
020 _a0931349028
050 0 0 _aHD62.7
_b.G57
100 1 _aGoldstein, Harvey A.
245 1 0 _aUp your cash flow :
_ban easy-to-use business guide to immediately increase your profits and cash flow /
_cHarvey A. Goldstein.
260 _aLos Angeles, Calif. :
_bGranville Publications,
_cc1986.
300 _a174 p. :
_bill. ;
_c23 cm.
500 _aFormerly "122 minutes a month a greater profits."--T.p. verso.
500 _aIncludes index.
505 _aAbout the Author 11 Acknowledgements 13 Preface 15 Whose business is it Anyway? 17 How to control the expenses of your business 24 The budget process 30 The i hate to budget budget 33 What do you do with your budget now that you have one? 46 A new life partner 49 How to identify and monitor the key financial elements of your company 69 How do all the numbers mean? 99 We must plan for the future 115 Personal planning is a must 130 Minutes a month is all it takes 136 How to develop power and influence 138 Appendix- A simple business plan 147 Index 171
650 0 _aSmall business
_xManagement.
650 0 _aSmall business
_xFinance.
650 0 _aSmall business
_xCash position.
942 _cBK